{"text_format":"3","workbook":"xlsx","n_sheets":1,"sheets":["Sheet1"],"read":"whole","date_system":"1900"}

{"sheet":"Sheet1","index":0,"n_rows":33,"n_cols":8,"rows_kept":33}
[]
["SL NO","DESCRIPTION","PRODUCT MAKE","PART NO","UOM","QUANTITY","Unit Price","Total"]
[1,"IE4010 with 24GE Copper PoE+ ports and 4GE SFP uplink ports","Cisco","IE-4010-4S24P","Nos",4,238364,{"$f":"G3*F3","v":953456}]
[2,"Higher PoE, 250W PSU for IE4010/5000, 100-240VAC/100-250VDC","Cisco","PWR-RGD-AC-DC-250","Nos",4,41413,{"$f":"G4*F4","v":165652}]
[3,"Cisco IE4010 UNIVERSAL WITH WEB BASED DEV MGR","Cisco","SIE40UK9T-15207E","Nos",4,0,0]
[4,"Power Supply Blank for IE5000","Cisco","RPS-IE5000-COVER","Nos",4,0,0]
[5,"Manufactruring, Mining Industry Solutions For tracking only.","Cisco","IOT-MANUFACTURING","Nos",4,0,0]
[6,"Not related to IoT Manufacturing Solution; For tracking only","Cisco","IOT-MFG-OTHER","Nos",4,0,0]
[7,"1000BASE-SX SFP transceiver module, MMF, 850nm, DOM","Cisco","GLC-SX-MMD=","Nos",24,18647,447528]
[8,"Cisco Catalyst 9130AX Series","Cisco","C9130AXE-D","Nos",13,91535,1189955]
[9,"Network Plug-n-Play Connect for zero-touch device deployment","Cisco","NETWORK-PNP-LIC","Nos",13,0,0]
[10,"Wireless Cisco DNA On-Prem Advantage, Term Lic","Cisco","AIR-DNA-A","Nos",13,0,0]
[11,"Wireless Cisco DNA On-Prem Advantage, 3Y Term Lic","Cisco","AIR-DNA-A-3Y","Nos",13,16418,213434]
[12,"Cisco DNA Spaces Extend Option for Cisco DNA","Cisco","D-DNAS-EXT-T","Nos",13,0,0]
[13,"Cisco DNA Spaces Extend Option for Cisco DNA 3Y","Cisco","D-DNAS-EXT-3Y","Nos",13,0,0]
[14,"Prime AP Term Licenses","Cisco","PI-LFAS-AP-T","Nos",13,0,0]
[15,"PI Dev Lic for Lifecycle & Assurance Term 3Y","Cisco","PI-LFAS-AP-T-3Y","Nos",13,0,0]
[16,"Wireless Cisco DNA On-Prem Advantage, Term, Tracker Lic","Cisco","AIR-DNA-A-T","Nos",13,0,0]
[17,"Wireless Cisco DNA On-Prem Advantage, 3Y Term, Tracker Lic","Cisco","AIR-DNA-A-T-3Y","Nos",13,0,0]
[18,"AIR CISCO DNA Perpetual Network Stack","Cisco","AIR-DNA-NWSTACK-A","Nos",13,0,0]
[19,"Wireless Cisco DNA  On-Prem Advantage, 9130 Tracking","Cisco","CDNA-A-C9130","Nos",13,0,0]
[20,"C9130AX Cisco DNA On-Prem Advantage,3Y Term,Trk Lic","Cisco","DNA-A-3Y-C9130","Nos",13,0,0]
[21,"Ceiling Grid Clip for APs & Cellular Gateways-Recessed","Cisco","AIR-AP-T-RAIL-R","Nos",13,0,0]
[22,"802.11 AP Low Profile Mounting Bracket (Default)","Cisco","AIR-AP-BRACKET-1","Nos",13,0,0]
[23,"Capwap software for Catalyst 9130AX","Cisco","SW9130AX-CAPWAP-K9","Nos",13,0,0]
[24,"2.4GHz/5GHz 4 dBi Multi Mount Omni Ant., 4-port,RP-TNC, Self","Cisco","AIR-ANT2544V4M-RS=","Nos",13,27633,359229]
[25,"8-Port Smart Antenna Connector to RP-TNC connectors, 2ft","Cisco","AIR-CAB002-D8-R=","Nos",13,27961,363493]
[26,"Cisco Ent MGMT: PI 3.x LF, AS , 1 Token","Cisco","L-MGMT3X-TKN-K9=","Nos",45,3106,139770]
[27,"Cabinet","-","Cabinet","Nos",13,5500,71500]
[28,"SNTC-8X5XNBD IE4010 4x 1G SFP, 24","Cisco","CON-SNT-IE40104S","Nos",4,42829,171316]
[29,"SNTC-8X5XNBD Cisco Catalyst 9130AX Series","Cisco","CON-SNT-C9130AED","Nos",13,17449,226837]
[30,"SWSS UPGRADES Cisco Ent MGMT PI 3 x LF, AS  APIC-EM","Cisco","CON-ECMU-LMMT3XKT","Nos",45,1161,52245]
[null,"Total",{"$nulls":5},{"$f":"SUM(H3:H32)","v":4354415}]